| 000 | 01333nam a2200385 a 4500 | ||
|---|---|---|---|
| 001 | 3496 | ||
| 003 | BD-DhEWU | ||
| 005 | 20241028190757.0 | ||
| 008 | 950309s1994 bg g d f000 0 ben | ||
| 020 | _a9789843306364 | ||
| 020 | _a9789840731404 | ||
| 020 | _a9840731408 | ||
| 020 | _a984074383X | ||
| 020 | _a9840757954 | ||
| 035 | _a(OCoLC) 32199686 | ||
| 040 |
_aDLC _cDLC _beng _dBD-DhEWU |
||
| 041 | 0 | _aben/eng | |
| 082 | 0 | 0 |
_a423.9144 _bBAN 1994 |
| 245 | 0 | 0 |
_aBangla Academy Bengali-English dictionary / _ceditors, Mohammad Ali, Mohammad Moniruzzaman, Jahangir Tareque ; compilers, Latifur Rahman, Jahangir Tareque. |
| 250 | _a1st ed. | ||
| 260 |
_aDhaka : _bThe Academy, _cc1994. |
||
| 300 |
_a878 p. : _c22 cm. |
||
| 500 | _aBengali and English. | ||
| 526 | _aLibrary | ||
| 590 | _aShaharima Parvin | ||
| 650 | 0 |
_aBengali language _xDictionaries _xEnglish. _913464 |
|
| 700 | 1 |
_aĀlī, Mohāmmada, _d1942- _913465 |
|
| 700 | 1 |
_aManirujjāmāna, Mohāmmada. _913466 |
|
| 700 | 1 |
_aTareque, Jahangir. _9490 |
|
| 700 | 1 |
_aRahman, Latifur, _cM.A. _913467 |
|
| 710 | 2 |
_aBāṃlā Ekāḍemī (Bangladesh) _913468 |
|
| 740 | 0 | _aBengali-English dictionary. | |
| 856 | 4 | 2 |
_3WorldCat details _uhttp://www.worldcat.org/title/bangla-academy-bengali-english-dictionary/oclc/32199686&referer=brief_results |
| 942 |
_2ddc _cREF |
||
| 999 |
_c3496 _d3496 |
||